Объяснение символа веры, молитв и заповедей, с подготовительными к нему рассказами из священной истории и с кратким учением о Богослужении православной церкви, для руководства при изучении Закона Божия в начальных народных училищах, в первом классе городских училищ и приготовительном классе средних учебных заведений (Запись № 12040073)
[ простой вид ]
| 000 -МАРКЕР | |
|---|---|
| контрольное поле | 02359nam0a2200289 4500 |
| 001 - ИДЕНТИФИКАТОР ЗАПИСИ | |
| контрольное поле | RU\NLR\BIBL_A\012129801 |
| 005 - ИДЕНТИФИКАТОР ВЕРСИИ | |
| контрольное поле | 20260406075141.0 |
| 035 ## - ДРУГИЕ СИСТЕМНЫЕ НОМЕРА | |
| Идентификатор записи | (NLR Aleph) 012129801 |
| 100 ## - ДАННЫЕ ОБЩЕЙ ОБРАБОТКИ | |
| Данные общей обработки | 20191028d1894 |||y0rusy50 ca |
| 101 0# - ЯЗЫК РЕСУРСА | |
| Язык текста, звукозаписи и т.д. | русский |
| 102 ## - СТРАНА ПУБЛИКАЦИИ ИЛИ ПРОИЗВОДСТВА | |
| Страна публикации | Российская Федерация |
| 105 ## - ПОЛЕ КОДИРОВАННЫХ ДАННЫХ: ТЕКСТОВЫЕ МАТЕРИАЛЫ, МОНОГРАФИЧЕСКИЕ | |
| Кодированные данные о монографическом текстовом документе | ab z 000zy |
| 200 1# - ЗАГЛАВИЕ И СВЕДЕНИЯ ОБ ОТВЕТСТВЕННОСТИ | |
| Основное заглавие | Объяснение символа веры, молитв и заповедей, с подготовительными к нему рассказами из священной истории и с кратким учением о Богослужении православной церкви, для руководства при изучении Закона Божия в начальных народных училищах, в первом классе городских училищ и приготовительном классе средних учебных заведений |
| Первые сведения об ответственности | составил применительно к программе, утвержденной Св. Синодом и обязательной для начальных училищ разных наименований и ведомств и для испытания отбывающих воинскую повинность со льготою 4-го разряда, а также применительно к программе одноклассных церковно-приходских школ, законоучитель 7-й и 8-й С.-Петербургских гимназий, протоиерей церкви С.-Петербургских градских богаделен Григорий Чельцов |
| 205 ## - СВЕДЕНИЯ ОБ ИЗДАНИИ | |
| Сведения об издании | Изд. 17-е |
| 210 ## - ПУБЛИКАЦИЯ, РАСПРОСТРАНЕНИЕ И ДР. | |
| Место издания, распространения и т.д. | Санктпетербург |
| Имя издателя, распространителя и т. д. | Типография В. Дрессен и М. Гутзац |
| Дата издания, распространения и т.д. | 1894 |
| 215 ## - ФИЗИЧЕСКАЯ ХАРАКТЕРИСТИКА | |
| Специфическое обозначение материала и объем | [2], V, [1], 198, [2] с. |
| Другие сведения о физической характеристике | ил., карт. |
| Размеры | 19 |
| 225 1# - СЕРИЯ | |
| Основное заглавие серии | Закон Божий |
| 605 ## - ЗАГЛАВИЕ КАК ПРЕДМЕТ | |
| Начальный элемент ввода | Закон Божий |
| Формальный подзаголовок | Руководства, пособия и т.п |
| Системный номер авторитетной/нормативной записи | 2073637 |
| Идентификатор авторитетной/нормативной записи | RU\NLR\AUTH\661248560 |
| 686 0# - ИНДЕКСЫ ДРУГИХ КЛАССИФИКАЦИЙ | |
| Индекс | Э372.24-4я71 |
| 700 #1 - ИМЯ ЛИЦА - ПЕРВИЧНАЯ ОТВЕТСТВЕННОСТЬ | |
| Материалы, к которым относится поле | rus |
| Графика поля | Кириллица |
| Начальный элемент ввода | Чельцов |
| Часть имени, кроме начального элемента ввода | Г. В. |
| Даты | 1840-1916 |
| Расширение инициалов личного имени | Григорий Васильевич |
| Идентификатор авторитетной/нормативной записи | RU\NLR\AUTH\7736847 |
| Системный номер авторитетной/нормативной записи | 19836 |
| 852 ## - МЕСТОНАХОЖДЕНИЕ И ШИФР ХРАНЕНИЯ | |
| Идентификатор организации | NLR |
| Шифр хранения (Call Number) | 18.303.6.63 |
| 942 ## - ДОПОЛНИТЕЛЬНЫЕ ЭЛЕМЕНТЫ ЗАПИСИ (АБИС) | |
| Тип экземпляра АБИС | Книга |
| 980 ## - КОЛЛЕКЦИЯ | |
| Название коллекции | Национальная библиография |
Нет доступных экземпляров.